000 00566nam a2200181 4500
999 _c164344
_d164344
005 20190516132330.0
010 _aENG-125196
020 _c250.00
035 _aEN-108728
037 _bDBAD/PUB
082 _a153.15
100 _aNarendra
245 _aJourney through the human consciousness/
_cby Narendra
260 _aBanglore
_bInfinity Publishers
_c2010
270 _aNo 941, 2nd Cross, Brindavan Layout, Kaval Byradandra
_bR.T.Nagar, Banglore
_e560032
_mnarenb7@gmail.com
300 _a166p.
_c20cm(pbk)
942 _2ddc
_cEN
_h153.15
_mNAR